000 00621nam a2200229Ia 4500
003 OSt
005 20220923213315.0
006 a|||||r|||| 00| 0
007 ta
008 220922b |||||||| |||| 00| 0 hin d
024 _a160,613
037 _cTextual
040 _aARTS
_cARTS
_bhin
041 _2hin
_ahin
082 _aO152:2v2:N5, J8;1(TPH)
100 _aबच्चनसिंह
245 0 _aहिन्दी नाटक
246 _aHindī nāṭaka
260 _c1958
942 _hO152:2v2:N5, J8;1(TPH)
_cTEXL
_2CC
999 _c315360
_d315360